L'attaque des titans : Guerriers (SNK) - Statistiques

Statistiques générales
  • Ce quiz a été pris 538 fois
  • Le résultat moyen est 10 sur 13
Statistiques - réponses
Guerrier Personnage % Correct
Capitaine Reiner Braun
97%
Guerrier Annie Leonhart
93%
Guerrier Falco Gleis
93%
Guerrier Bertolt Hoover
91%
Aspirant Gaby Braun
90%
Guerrier Porco Galliard
89%
Guerrier Sieg Jäger
87%
Guerrier Marcel Galliard
75%
Guerrier Peak Finger
75%
Aspirant Sophia
59%
Aspirant Udo
54%
Successeur designé Kord Gleis
48%
Guerrier Tom Xaver
35%
Aucun quiz correspondant
Distribution des résultats
% des personnes avec chaque résultat
Percentile par nombre de réponses
Votre historique - résultats
Vous n’avez pas pris ce quiz